LEADER 01423nam a2200301 a 4500 001 000000157073 003 CaOOAMICUS 005 20161202144629.0 008 161202s1974 is u000 u ita r 032 $aLibriCat 040 $aPUL$bita 100 1 $aBrlek, Metodio,$cO.F.M.$0(OLS)http://pul/name/10759 245 10$aSan Bonaventura e l'oriente cristiano / $cMetodio Brlek . 260 $aGerusalemme :$b[s.n.],$c1974. 300 $aix, 109-199 p. ; $c24 cm. 502 $aEstratto da Tesi -- Pontificium Athenaeum Antonianum. Facultas Theologica. 1974. 504 $aBibliografia in nota a pič pagina. 600 04$aBonaventura,$cs., card.,$dc. 1217-1274.$0(OLS)http://pul/subject/517 710 2 $aPontificio Ateneo Antoniano.$bFacoltā di Teologia.$kTesi.$0(OLS)http://pul/name/99830 850 $aPUL 852 $aPUL$W1$xDP1 Tesi Pon. At. Antonianum$y30$mTH ANT TH239$j180356$qTesi$B183481$CPULBib$Z2$F183481 $H42043 $82 910 $aPontificium Athenaeum Antonianum.$bFacultas Theologiae.$kTesi$999830 910 $aPontificia Universitā Antonianum.$bFacoltā di teologia.$kTesi$999830 910 $aPontificia Universitā Antonianum.$bFacoltā di teologia.$kTesi$999830 941 1 $a16 996 $6245$aSan Bonaventura e l'oriente cristiano / $9(OLS)http://pul/title/196671 996 $6260$aGerusalemme :$b[s.n.]$9(OLS)http://pul/publisher/85737 LEADER 01481namaa2200313 i 4500 001 000000177249 003 CaOOAMICUS 005 20240917115450.0 007 tu 008 240917s2023 it m 000 u eng r 040 $aPUL$bita$erda 100 1 $aHakobyan, Gor Tirayr,$csacerdote,$d1986-,$eautore dissertazione.$0(OLS)http://pul/name/113975 245 12$aI nuovi orizzonti per promuovere la nuova evangelizzazione nella Chiesa armena apostolica /$cGor Tirayr Hakobyan. 264 1$aRoma :$b[s.n.],$c2023. 300 $a167 pagine ; $c24 cm 336 $atesto$btxt$2rdacontent 337 $asenza mediazione$bn$2rdamedia 338 $avolume$bnc$2rdacarrier 502 $aEstratto di dissertazione: Pontificia Universitā Gregoriana, Facoltā di Missiologia, n. 7130. 504 $aBibliografia: pagine [137]-164. 610 24$aChiesa armena.$0(OLS)http://pul/subject/15113 650 04$aEvangelizzazione$ySec. XXI.$0(OLS)http://pul/subject/27584 710 2 $aPontificia Universitā Gregoriana.$bFacoltā di missiologia.$kTesi.$0(OLS)http://pul/name/82191 850 $aPUL 852 $aPUL$W1$xDP1 Tesi Pon. Univ. Gregoriana$y40$m2023 G 3$j201223$qTesi$B206204$CPULBib$Z2$F206204 $Hnull $82 941 1 $a16 996 $6245$aI nuovi orizzonti per promuovere la nuova evangelizzazione nella Chiesa armena apostolica$9(OLS)http://pul/title/218757 996 $6264$aRoma :$b[s.n.]$9(OLS)http://pul/publisher/47958